Armonizacin̤ del delito de lavado de activos en los pas̕es de la alianza del pacf̕ico

Detalles Bibliográficos
Formato: eBook
Lenguaje:español
Publicado: Bogot:̀ Universidad de Los Andes (Colombia), 2018
Materias:
Acceso en línea:Acceso restringido

MARC

LEADER 00000nam a22000007a 4500
005 20190521210837.0
007 cr|||| |||
008 190521s2018 co |||||s|||| 00||0 spa d
020 |a 978-958-749-822-6 
035 |a 23313 
040 |a vLex 
090 |c 8787  |d 8787 
245 0 0 |a Armonizacin̤ del delito de lavado de activos en los pas̕es de la alianza del pacf̕ico  |h [Recurso electrn̤ico] / 
256 |a Servicio en ln̕ea 
260 |a Bogot:̀  |b Universidad de Los Andes (Colombia),  |c 2018 
300 |a 1 recurso electrn̤ico 
500 |a La globalizacin̤, que permite e impulsa el auge de las empresas multinacionales y los vn̕culos de dependencia entre las economa̕s, ha hecho que todos los Estados se vean en la necesidad de coordinar sus polt̕icas para favorecer el crecimiento del libre mercado. Sin embargo, la disminucin̤ de las fronteras y la facilitacin̤ del libre trǹsito de bienes y servicios, tambiň favorece la actuacin̤ de las empresas criminales. Por lo tanto, los Estados se han visto obligados a coordinar sus polt̕icas de represin̤ de la criminalidad y responder a un fenm̤eno transnacional, de manera conjunta. Muestra de ello son las ml︢tiples convenciones y recomendaciones internacionales en materia de lavado de activos, que buscan unificar la propuesta legislativa respecto a los tipos penales de blanqueo de capitales, a pesar de encontrarse en ordenamientos jurd̕icos sumamente distintos. La idea que subyace a estos esfuerzos es desincentivar el blanqueo de capitales que implica tambiň combatir los delitos que producen los bienes. En la medida en la que se reduzca la posibilidad de disfrutar las ganancias de los delitos, cometer ciertas conductas deja de tener sentido. En consecuencia, la lucha contra el blanqueo de capitales es, a su vez, la lucha contra la criminalidad organizada y los llamados delitos precedentes. Se debe fortalecer el orden jurd̕ico mediante la idea que "el crimen no paga" y vencer la cultura del dinero fc̀il que tanto mal le ha hecho a la sociedad latinoamericana. Armonizar la legislacin̤ de los pas̕es de la Alianza del Pacf̕ico en esta materia, contribuye a alcanzar ese props̤ito y las intencin̤ de este libro es plantear un mecanismo para lograr ese objetivo. 
506 1 |a Disponible solo en los productos indicados  |d vLex Global  |d vLex Global (Academic Edition, excluding Law Schools)  |d vLex Global (U.S. Academic Edition, Law Schools)  |d vLex Global (U.S. Academic Edition, excluding Law Schools)  |d vLex Global (Academic Edition, Law Schools) 
650 0 4 |a Lucha contra el fraude y la evasin̤ fiscal  |z Colombia 
740 0 |a vLex Libros (Servicio en ln̕ea) 
856 4 0 |u http://vlex.com/source/armonizacion-del-delito-de-lavado-de-activos-en-los-paises-de-la-alianza-del-pacifico-23313  |z Acceso restringido 
942 |c BOOK 
999 0 |a Fight against fraud and tax evasion